<?xml version="1.0" encoding="UTF-8"?>
<collection xmlns="http://www.loc.gov/MARC21/slim">
  <record>
    <leader>00000nam  2200000   4500</leader>
    <controlfield tag="001">INLIS000000000019071</controlfield>
    <controlfield tag="005">20250204114426</controlfield>
    <datafield tag="035" ind1="#" ind2="#">
      <subfield code="a">0010-0225000028</subfield>
    </datafield>
    <controlfield tag="007">ta</controlfield>
    <controlfield tag="008">250204################g##########0#ind##</controlfield>
    <datafield tag="020" ind1="#" ind2="#">
      <subfield code="a">978-979-769-286-5</subfield>
    </datafield>
    <datafield tag="082" ind1="#" ind2="#">
      <subfield code="a">658.402</subfield>
    </datafield>
    <datafield tag="084" ind1="#" ind2="#">
      <subfield code="a">658.402 WIB b</subfield>
    </datafield>
    <datafield tag="100" ind1=" " ind2="#">
      <subfield code="a">Wibowo</subfield>
    </datafield>
    <datafield tag="245" ind1="1" ind2="#">
      <subfield code="a">Budaya Organisasi :</subfield>
      <subfield code="b">sebuah kebutuhan untuk meningkatkan kinerja jangka panjang /</subfield>
      <subfield code="c">Wibowo</subfield>
    </datafield>
    <datafield tag="260" ind1="#" ind2="#">
      <subfield code="a">Jakarta :</subfield>
      <subfield code="b">Rajawali Pers,</subfield>
      <subfield code="c">2011</subfield>
    </datafield>
    <datafield tag="300" ind1="#" ind2="#">
      <subfield code="a">xviii, 442 hlm. ;</subfield>
      <subfield code="c">20 cm</subfield>
    </datafield>
    <datafield tag="650" ind1="#" ind2="4">
      <subfield code="a">budaya organisasi</subfield>
    </datafield>
    <datafield tag="520" ind1="#" ind2="#">
      <subfield code="a">Budaya organisasi adalah cara orang melakukan sesuatu dalam organisasi. Budaya organisasi merupakan perekat bagi semua hal di dalam organisasi, bagaimana orang merasa tenang melakukan pekerjaan dengan baik dan apa yang membuat peralatan dan orang bekerja sama secara harmoni. Budaya organisasi mempunyai peran penting dalam menentukan pertumbuhan organisasi karena budaya yang terdapat di dalamnya mampu merangsang semangat kerja sumber daya manusianya sehingga kinerja organisasi meningkat. Budaya organisasi akan meningkatkan motivasi staf dengan memberi mereka perasaan memiliki, kepercayaan dan nilai-nilai, dan mendorong mereka berpikir positif tentang mereka dan organisasi. Buku ini ditulis dengan maksud memperkaya pemahaman kita tentang arti pentingnya budaya organisasi bagi kinerja organisasi. Keberhasilannya sangat ditentukan oleh kompetensi segenap sumber daya manusia dalam organisasi. Secara khusus terutama diperlukan keberadaan pemimpin yang memiliki kecerdasan budaya, yang memahami adanya keberagaman budaya di antara sumber daya manusia yang membantunya.</subfield>
    </datafield>
    <datafield tag="990" ind1="#" ind2="#">
      <subfield code="a">131015898</subfield>
    </datafield>
    <datafield tag="990" ind1="#" ind2="#">
      <subfield code="a">131016059</subfield>
    </datafield>
  </record>
</collection>
